Следы на снегу: новеллы; пер. с англ.

Xehetasun bibliografikoak
Egile nagusia: Моуэт Ф. Фарли
Beste egile batzuk: Черкасов А. И. (автор предисловия), Михайлова Л. Г. (переводчик)
Hizkuntza:errusiera
Argitaratua: Москва, Мысль, 1986
Gaiak:
Formatua: Liburua
KOHA link:https://koha.lib.tpu.ru/cgi-bin/koha/opac-detail.pl?biblionumber=319352

MARC

LEADER 00000nam0a2200000 4500
001 319352
005 20231101020855.0
035 |a (RuTPU)RU\TPU\book\344861 
090 |a 319352 
100 |a 20160528d1986 m y0rusy50 ca 
101 1 |a rus  |c eng 
102 |a RU 
105 |a a z 001ay 
200 1 |a Следы на снегу  |e новеллы  |e пер. с англ.  |f Ф. Моуэт  |g авт. предисл. А. И. Черкасов ; пер. Л. Г. Михайлова 
210 |a Москва  |c Мысль  |d 1986 
215 |a 240 с.  |c ил. 
320 |a Вступительная статья: с. 3-4 
610 1 |a художественная литература 
610 1 |a популярная литература 
610 1 |a английская литература 
610 1 |a новеллы 
610 1 |a Северная Америка 
610 1 |a эскимосы 
610 1 |a индейцы 
675 |a 91(и7)  |v 4 
700 1 |a Моуэт  |b Ф.  |g Фарли  |4 070 
702 1 |a Черкасов  |b А. И.  |4 080 
702 1 |a Михайлова  |b Л. Г.  |4 730 
801 1 |a RU  |b 63413507  |c 20160528 
942 |c BK